Strategic management (Record no. 3097)

MARC details
000 -LEADER
fixed length control field 00486 a2200169 4500
000 - LEADER
fixed length control field BKB
001 - CONTROL NUMBER
control field 069553
005 - DATE AND TIME OF LATEST TRANSACTION
control field 20200902150317.0
008 - FIXED-LENGTH DATA ELEMENTS--GENERAL INFORMATION
fixed length control field
082 ## - DEWEY DECIMAL CLASSIFICATION NUMBER
Classification number 658
Item number I2S
100 1# - MAIN ENTRY--PERSONAL NAME
Personal name Ireland, R. Duane
245 1# - TITLE STATEMENT
Title Strategic management
Statement of responsibility, etc by R. Duane Ireland...[et.al.]
260 ## - PUBLICATION, DISTRIBUTION, ETC. (IMPRINT)
Place of publication, distribution, etc Australia
Name of publisher, distributor, etc Cengage Learning
Date of publication, distribution, etc 2011
300 ## - PHYSICAL DESCRIPTION
Extent 594p.
690 ## - LOCAL SUBJECT ADDED ENTRY--TOPICAL TERM (OCLC, RLIN)
Topical term or geographic name as entry element Strategic planning; Industrial management
700 ## - ADDED ENTRY--PERSONAL NAME
Personal name Hoskisson, Robert E.
Numeration
Titles and other words associated with a name
Holdings
Withdrawn status Lost status Damaged status Not for loan Home library Current library Date acquired Cost, normal purchase price Total Checkouts Full call number Barcode Date last seen Date checked out Price effective from Koha item type
        Central University Of Rajasthan Central University Of Rajasthan 07/03/2012 399.00 4 658 I2S 4055 21/11/2024 16/08/2023 02/09/2020 Books
        Central University Of Rajasthan Central University Of Rajasthan 07/03/2012 399.00 2 658 I2S 3840 21/11/2024 05/10/2023 02/09/2020 Books